[Event "29th Metz Open - A"]
[Site "Longeville-les-Metz"]
[Date "2011.05.08"]
[Round "9.1"]
[White "Mikhalevski, Victor"]
[Black "Solodovnichenko, Yuri"]
[Result "1/2-1/2"]
[WhiteElo "2577"]
[BlackElo "2574"]
[PlyCount "97"]
[EventDate "2011.05.02"]
[Source "Roland WIMMER, Pierre BECKER (FA)"]
[SourceDate "2011.05.18"]

1. d4 d5 2. Nf3 c6 3. c4 Nf6 4. e3 e6 5. b3 Nbd7 6. Bb2 Ne4 7. Bd3 f5 8. O-O
Be7 9. a3 a5 10. Nc3 O-O 11. Ne2 b6 12. Nf4 Rf6 13. Be2 Ba6 14. Rc1 Rh6 15.
cxd5 Bxe2 16. Qxe2 exd5 17. Rc2 Bd6 18. Ne5 Nxe5 19. dxe5 Bc5 20. Qd3 g5 21.
Ne2 g4 22. Nf4 Qh4 23. h3 gxh3 24. g3 h2+ 25. Kh1 Qg4 26. Qe2 Kf7 27. e6+ Kf8
28. b4 axb4 29. axb4 Qxe2 30. Nxe2 Bxb4 31. Rxc6 Ra2 32. Rc2 Ke8 33. Nd4 Rh5
34. Kg2 Bc5 35. Nb5 Bd6 36. Rh1 Be5 37. Nd4 Bxd4 38. exd4 Ke7 39. Rxh2 Rxh2+
40. Kxh2 Nd6 41. Rc7+ Kxe6 42. Bc1 Rxf2+ 43. Kh3 Nc4 44. Bf4 Rb2 45. Rc6+ Kd7
46. Rc7+ Ke6 47. Rc6+ Kd7 48. Rc7+ Ke6 49. Rc6+ 1/2-1/2

[Event "29th Metz Open - A"]
[Site "Longeville-les-Metz"]
[Date "2011.05.08"]
[Round "9.2"]
[White "Kravtsiv, Martyn"]
[Black "Gupta, Abhijeet"]
[Result "1/2-1/2"]
[WhiteElo "2565"]
[BlackElo "2604"]
[PlyCount "49"]
[EventDate "2011.05.02"]
[Source "Roland WIMMER, Pierre BECKER (FA)"]
[SourceDate "2011.05.18"]

1. e4 e5 2. Nf3 Nc6 3. Bb5 Nf6 4. O-O Nxe4 5. d4 Nd6 6. Bxc6 dxc6 7. dxe5 Nf5
8. Qxd8+ Kxd8 9. Nc3 Ke8 10. Rd1 h6 11. h3 Ne7 12. Bf4 Ng6 13. Bh2 Bd7 14. Nd4
Be7 15. e6 Bxe6 16. Nxe6 fxe6 17. Bxc7 Rc8 18. Bg3 Rf8 19. Rd3 Rd8 20. Rxd8+
Kxd8 21. Re1 Kd7 22. Rd1+ Kc8 23. Re1 Kd7 24. Rd1+ Kc8 25. Re1 1/2-1/2

[Event "29th Metz Open - A"]
[Site "Longeville-les-Metz"]
[Date "2011.05.08"]
[Round "9.3"]
[White "Eingorn, Vereslav S"]
[Black "Maiorov, Nikita (*85)"]
[Result "1-0"]
[WhiteElo "2558"]
[BlackElo "2528"]
[PlyCount "53"]
[EventDate "2011.05.02"]
[Source "Roland WIMMER, Pierre BECKER (FA)"]
[SourceDate "2011.05.18"]

1. Nf3 Nf6 2. c4 b6 3. g3 Bb7 4. Bg2 e6 5. O-O Be7 6. d4 O-O 7. Nc3 Ne4 8. Qc2
Nxc3 9. Qxc3 c5 10. Bf4 d6 11. Rad1 Nc6 12. Qd3 Nxd4 13. Nxd4 Bxg2 14. Nxe6
fxe6 15. Kxg2 Qd7 16. e4 Rfd8 17. Qf3 Qb7 18. Rfe1 Bf8 19. b3 a6 20. Rd3 Ra7
21. Red1 Qc6 22. e5 Qxf3+ 23. Kxf3 d5 24. cxd5 exd5 25. Rxd5 Re8 26. Rd8 Rxd8
27. Rxd8 1-0

[Event "29th Metz Open - A"]
[Site "Longeville-les-Metz"]
[Date "2011.05.08"]
[Round "9.5"]
[White "Aguettaz, Maxime"]
[Black "Dgebuadze, Alexandre"]
[Result "1/2-1/2"]
[WhiteElo "2417"]
[BlackElo "2521"]
[PlyCount "59"]
[EventDate "2011.05.02"]
[Source "Roland WIMMER, Pierre BECKER (FA)"]
[SourceDate "2011.05.18"]

1. Nf3 Nf6 2. c4 b6 3. g3 Bb7 4. Bg2 c5 5. Nc3 g6 6. b3 Bg7 7. Bb2 O-O 8. O-O
e6 9. e3 d5 10. Ne5 Nbd7 11. d4 cxd4 12. exd4 a6 13. Nxd7 Qxd7 14. Na4 Qd8 15.
c5 Nd7 16. cxb6 Bc6 17. Ba3 Re8 18. Nc5 Qxb6 19. Nxd7 Bxd7 20. Bc5 Qb7 21. Qd2
a5 22. Rac1 a4 23. b4 Bb5 24. Rfe1 Rac8 25. Rc3 Qa6 26. h4 h6 27. Qf4 Bc4 28.
a3 Qb5 29. Rf3 Qd7 30. Bh3 1/2-1/2

[Event "29th Metz Open - A"]
[Site "Longeville-les-Metz"]
[Date "2011.05.08"]
[Round "9.7"]
[White "Savchenko, Stanislav"]
[Black "Lalic, Bogdan"]
[Result "1/2-1/2"]
[WhiteElo "2510"]
[BlackElo "2469"]
[PlyCount "55"]
[EventDate "2011.05.02"]
[Source "Roland WIMMER, Pierre BECKER (FA)"]
[SourceDate "2011.05.18"]

1. Nf3 Nf6 2. c4 g6 3. Nc3 d5 4. cxd5 Nxd5 5. Qb3 Nb6 6. d4 Bg7 7. Bg5 Be6 8.
Qc2 Nc6 9. e3 h6 10. Bh4 O-O 11. Rd1 Nb4 12. Qb1 Bf5 13. e4 Bg4 14. d5 f5 15.
a3 g5 16. Bg3 f4 17. axb4 fxg3 18. hxg3 Rxf3 19. gxf3 Bxf3 20. Rh2 Bxd1 21.
Qxd1 Qd6 22. Bh3 Qxb4 23. Be6+ Kh7 24. Bf5+ Kg8 25. Be6+ Kh7 26. Bf5+ Kg8 27.
Be6+ Kh7 28. Bf5+ 1/2-1/2

[Event "29th Metz Open - A"]
[Site "Longeville-les-Metz"]
[Date "2011.05.08"]
[Round "9.9"]
[White "Jolly, Jean-Francois"]
[Black "Nguyen, Chi-Minh"]
[Result "1-0"]
[WhiteElo "2357"]
[BlackElo "2381"]
[PlyCount "59"]
[EventDate "2011.05.02"]
[Source "Roland WIMMER, Pierre BECKER (FA)"]
[SourceDate "2011.05.18"]

1. e4 e6 2. d4 d5 3. Nc3 Bb4 4. e5 c5 5. a3 Bxc3+ 6. bxc3 Qc7 7. h4 Nc6 8. h5
h6 9. Nf3 Bd7 10. Rh4 Nge7 11. Rb1 Rc8 12. Rg4 Nf5 13. Rf4 cxd4 14. cxd4 Na5
15. Bd3 Ba4 16. Rb2 Nc4 17. Rb4 Nb6 18. Rxa4 Nxa4 19. Bb5+ Kd8 20. Bxa4 g5 21.
hxg6 b5 22. Bb3 fxg6 23. g4 g5 24. Rxf5 exf5 25. gxf5 Rf8 26. f6 g4 27. Nh4
Qc3+ 28. Bd2 Qh3 29. Ba5+ Ke8 30. Nf5 1-0

[Event "29th Metz Open - A"]
[Site "Longeville-les-Metz"]
[Date "2011.05.08"]
[Round "9.10"]
[White "Donchenko, Anatoly"]
[Black "Rotstein, Arkadij"]
[Result "0-1"]
[WhiteElo "2397"]
[BlackElo "2547"]
[PlyCount "58"]
[EventDate "2011.05.02"]
[Source "Roland WIMMER, Pierre BECKER (FA)"]
[SourceDate "2011.05.18"]

1. Nf3 d6 2. d4 Nf6 3. g3 Nbd7 4. Bg2 e5 5. dxe5 dxe5 6. O-O Bc5 7. c3 O-O 8.
a4 a5 9. Na3 Qe7 10. Nc4 e4 11. Nd4 Ne5 12. Nxe5 Qxe5 13. h3 Qh5 14. e3 Qe5 15.
b3 Nd5 16. Bb2 Ra6 17. Qc2 Re8 18. c4 Nb4 19. Qd2 Nd3 20. Bc3 Bb4 21. Ne2 Bxc3
22. Qxc3 Qh5 23. g4 Qh4 24. Ng3 Ne5 25. Nxe4 Bxg4 26. f4 Bxh3 27. Ra2 Ng4 28.
Ng5 Bxg2 29. Rxg2 Rh6 0-1

[Event "29th Metz Open - A"]
[Site "Longeville-les-Metz"]
[Date "2011.05.08"]
[Round "9.11"]
[White "Migot, Tangi"]
[Black "Miezis, Normunds"]
[Result "0-1"]
[WhiteElo "2272"]
[BlackElo "2542"]
[PlyCount "60"]
[EventDate "2011.05.02"]
[Source "Roland WIMMER, Pierre BECKER (FA)"]
[SourceDate "2011.05.18"]

1. e4 c5 2. Nf3 e6 3. d4 cxd4 4. Nxd4 a6 5. c4 Nf6 6. Nc3 Bb4 7. Bd3 Qc7 8. O-O
Nc6 9. a3 Bc5 10. Nf3 Ng4 11. h3 h5 12. Ne2 Nd4 13. Nexd4 Bxd4 14. e5 Bxe5 15.
hxg4 hxg4 16. Nxe5 Qxe5 17. Re1 Qh5 18. Kf1 d5 19. Bf4 Qh1+ 20. Ke2 Qxg2 21.
Be3 dxc4 22. Bxc4 b5 23. Bd3 Bb7 24. Qb3 g3 25. Rf1 Rd8 26. Rac1 Qf3+ 27. Kd2
Be4 28. Rc3 g2 29. Rfc1 Rh1 30. Rc8 Rxc1 0-1

[Event "29th Metz Open - A"]
[Site "Longeville-les-Metz"]
[Date "2011.05.08"]
[Round "9.12"]
[White "Shirazi, Kamran"]
[Black "Donchenko, Alexander"]
[Result "0-1"]
[WhiteElo "2369"]
[BlackElo "2239"]
[PlyCount "98"]
[EventDate "2011.05.02"]
[Source "Roland WIMMER, Pierre BECKER (FA)"]
[SourceDate "2011.05.18"]

1. e4 c5 2. Nc3 d6 3. g3 Nc6 4. Bg2 g6 5. d3 Bg7 6. Nge2 Nf6 7. a3 O-O 8. Rb1
Nd4 9. b4 Bg4 10. bxc5 Qa5 11. O-O Qxc5 12. Rxb7 Qh5 13. Nxd4 Bxd1 14. Nxd1 Ng4
15. Nf3 Ne5 16. Nxe5 Qxe5 17. Ne3 Rfb8 18. Rc7 Rb1 19. Nc4 Qa1 20. Be3 Rxf1+
21. Bxf1 Bd4 22. Bxd4 Qxd4 23. Rxe7 Rb8 24. Rd7 Rb1 25. Kg2 Qa1 26. Ne3 Qxa3
27. g4 Qc5 28. h4 h6 29. Be2 a5 30. g5 hxg5 31. h5 Re1 32. hxg6 Rxe2 33. Ng4
Rxf2+ 34. Nxf2 fxg6 35. c4 a4 36. Rd8+ Kf7 37. Ra8 Qb4 38. Ra7+ Ke8 39. Kf3 a3
40. e5 dxe5 41. Ne4 Qb3 42. Nd6+ Kf8 43. Ke4 Qb8 44. Ra6 a2 45. c5 Qb2 46. Ra8+
Ke7 47. Nc8+ Kd7 48. Nb6+ Kc6 49. Rc8+ Kb5 0-1

[Event "29th Metz Open - A"]
[Site "Longeville-les-Metz"]
[Date "2011.05.08"]
[Round "9.13"]
[White "Peric, Slavisa"]
[Black "Praveen Kumar, C."]
[Result "1/2-1/2"]
[WhiteElo "2227"]
[BlackElo "2358"]
[PlyCount "74"]
[EventDate "2011.05.02"]
[Source "Roland WIMMER, Pierre BECKER (FA)"]
[SourceDate "2011.05.18"]

1. e4 e6 2. d4 d5 3. exd5 exd5 4. Bd3 Nc6 5. c3 Bd6 6. Qf3 Nge7 7. Ne2 Be6 8.
Bf4 f6 9. Nd2 Qd7 10. Bxd6 Qxd6 11. Qg3 O-O-O 12. Qxd6 cxd6 13. O-O-O Rde8 14.
Rde1 g5 15. h4 Bf5 16. Kc2 Bxd3+ 17. Kxd3 Ng6 18. h5 Nh4 19. g3 Nf5 20. Nc1 Kd7
21. Rxe8 Rxe8 22. Ne2 b5 23. Nf1 Nce7 24. g4 Nh6 25. Ne3 f5 26. gxf5 Nhxf5 27.
Ng4 Ng8 28. Rg1 Kc6 29. f4 gxf4 30. Nxf4 Re4 31. Nh3 h6 32. Nhf2 Rf4 33. Ke2 a5
34. a3 Nge7 35. Kd3 Nh4 36. Ke2 Nef5 37. Ne3 Nxe3 1/2-1/2

[Event "29th Metz Open - A"]
[Site "Longeville-les-Metz"]
[Date "2011.05.08"]
[Round "9.15"]
[White "Maloberti, David"]
[Black "Marzolf, Bruno"]
[Result "1/2-1/2"]
[WhiteElo "2111"]
[BlackElo "2254"]
[PlyCount "94"]
[EventDate "2011.05.02"]
[Source "Roland WIMMER, Pierre BECKER (FA)"]
[SourceDate "2011.05.18"]

1. d4 d5 2. c4 Nc6 3. Nf3 Bg4 4. cxd5 Bxf3 5. gxf3 Qxd5 6. e3 e6 7. Nc3 Qh5 8.
Bb5 Nge7 9. f4 Qxd1+ 10. Kxd1 O-O-O 11. b3 a6 12. Bf1 Nf5 13. Bd2 Ba3 14. Bh3
Nce7 15. Ke2 h6 16. Ne4 Nd5 17. Bxf5 exf5 18. Ng3 g6 19. Rab1 Rd6 20. Rhd1 Re8
21. Kf3 Rc6 22. Be1 Ree6 23. Rd2 h5 24. Ne2 h4 25. Rbd1 f6 26. h3 g5 27. Rd3
Rc2 28. R1d2 Rxd2 29. Rxd2 Kd7 30. Rc2 Bd6 31. Bd2 Re4 32. Nc3 Nxc3 33. Bxc3
Ke6 34. Rc1 Kd5 35. Rg1 Be7 36. fxg5 fxg5 37. Bb2 c6 38. Bc3 Re6 39. Ke2 b6 40.
Kd3 b5 41. f3 c5 42. Re1 c4+ 43. bxc4+ bxc4+ 44. Kd2 Bd8 45. Rg1 Rg6 46. Re1
Re6 47. Rg1 Rg6 1/2-1/2

[Event "29th Metz Open - A"]
[Site "Longeville-les-Metz"]
[Date "2011.05.08"]
[Round "9.16"]
[White "Guedon, Stephane"]
[Black "Colson, Arnaud"]
[Result "1-0"]
[WhiteElo "2253"]
[BlackElo "2157"]
[PlyCount "103"]
[EventDate "2011.05.02"]
[Source "Roland WIMMER, Pierre BECKER (FA)"]
[SourceDate "2011.05.18"]

1. e4 c5 2. Nf3 d6 3. d4 cxd4 4. Nxd4 Nf6 5. Nc3 g6 6. Be3 Bg7 7. Be2 Nc6 8.
Nb3 O-O 9. f4 Be6 10. g4 Na5 11. g5 Nd7 12. Bd4 a6 13. Bxg7 Kxg7 14. Qd4+ Kg8
15. O-O-O b5 16. h4 Qb6 17. h5 Nxb3+ 18. axb3 Qxd4 19. Rxd4 Rfc8 20. Bf3 Rab8
21. Nd5 Bxd5 22. Rxd5 Rc5 23. Rd2 Nf8 24. b4 Rc4 25. c3 Rbc8 26. Kb1 R8c7 27.
Re1 Kg7 28. h6+ Kg8 29. Bd1 Ne6 30. Rf2 a5 31. Bb3 axb4 32. Bxc4 Rxc4 33. cxb4
Rxb4 34. Rc2 f6 35. Rc8+ Kf7 36. Rh8 Nf8 37. e5 dxe5 38. fxe5 fxg5 39. e6+ Nxe6
40. Rxh7+ Kf6 41. Rh1 Rh4 42. Rxh4 gxh4 43. Rxe7 Nf8 44. h7 Nxh7 45. Rxh7 g5
46. Kc2 Kg6 47. Rh8 Kf5 48. Kd2 Kf4 49. Ke2 Kg3 50. Kf1 g4 51. Kg1 h3 52. Rd8
1-0

[Event "29th Metz Open - A"]
[Site "Longeville-les-Metz"]
[Date "2011.05.08"]
[Round "9.19"]
[White "Carrillo, Jesus"]
[Black "Grosdemange, David"]
[Result "0-1"]
[WhiteElo "2118"]
[BlackElo "2037"]
[PlyCount "82"]
[EventDate "2011.05.02"]
[Source "Roland WIMMER, Pierre BECKER (FA)"]
[SourceDate "2011.05.18"]

1. e4 c5 2. Nf3 Nc6 3. d4 cxd4 4. Nxd4 g6 5. Nc3 Bg7 6. Be3 Nf6 7. Bc4 O-O 8.
Bb3 Na5 9. f3 Nxb3 10. Nxb3 d6 11. Qd2 Bd7 12. h4 h5 13. O-O-O b5 14. Bh6 a5
15. Bxg7 Kxg7 16. Nd5 a4 17. Nd4 Rc8 18. Nxf6 exf6 19. g4 Rh8 20. g5 fxg5 21.
hxg5 Re8 22. Rde1 Qb6 23. Kb1 Rc4 24. Rd1 Rec8 25. Rh2 b4 26. Qf4 Qc5 27. Qf6+
Kg8 28. Rhd2 Qe5 29. Ne2 Be6 30. Rxd6 Qxf6 31. gxf6 Rxc2 32. Rd8+ Kh7 33. Nf4
Rxd8 34. Rxd8 Rc7 35. Nxe6 fxe6 36. Re8 Rf7 37. Rxe6 h4 38. e5 g5 39. Kc1 Kg6
40. Kd1 h3 41. Re8 h2 0-1